[Event "2025 National K-12 Grade Championship"]
[Site "Spokane, WI USA, United States"]
[Date "2025.12.14"]
[Round "7.7"]
[White "Zhang, Justin Weicheng"]
[Black "Shafer, Logan"]
[Result "0-1"]
[TimeControl "G/90; d10"]
[BlackTitle "CM"]
[BlackFideId "30993342"]
[WhiteElo "2018"]
[BlackElo "2312"]

1. c4 {[%clk 01:29:57]} {[%emt 00:00:11]} d6 {[%clk 01:30:00]} {[%emt
00:00:07]} 2. Nf3 {[%clk 01:29:36]} {[%emt 00:00:30]} g6 {[%clk 01:29:59]}
{[%emt 00:00:13]} 3. g3 {[%clk 01:29:31]} {[%emt 00:00:14]} Bg7 {[%clk
01:29:59]} {[%emt 00:00:04]} 4. Bg2 {[%clk 01:29:18]} {[%emt 00:00:24]} Nf6
{[%clk 01:29:59]} {[%emt 00:00:06]} 5. O-O {[%clk 01:29:15]} {[%emt 00:00:11]}
O-O {[%clk 01:29:59]} {[%emt 00:00:04]} 6. Nc3 {[%clk 01:28:48]} {[%emt
00:00:39]} Nc6 {[%clk 01:29:41]} {[%emt 00:00:27]} 7. a3 {[%clk 01:26:40]}
{[%emt 00:02:18]} a5 {[%clk 01:29:15]} {[%emt 00:00:36]} 8. d4 {[%clk
01:26:40]} {[%emt 00:00:06]} e5 {[%clk 01:28:03]} {[%emt 00:01:23]} 9. dxe5
{[%clk 01:26:09]} {[%emt 00:00:41]} dxe5 {[%clk 01:26:37]} {[%emt 00:01:36]} 10.
Qxd8 {[%clk 01:13:28]} {[%emt 00:12:50]} Rxd8 {[%clk 01:26:37]} {[%emt
00:00:09]} 11. Nb5 {[%clk 01:13:18]} {[%emt 00:00:21]} Ne8 {[%clk 01:25:30]}
{[%emt 00:01:16]} 12. Bg5 {[%clk 01:09:33]} {[%emt 00:03:55]} f6 {[%clk
01:25:27]} {[%emt 00:00:13]} 13. Be3 {[%clk 01:09:33]} {[%emt 00:00:04]} Be6
{[%clk 01:23:24]} {[%emt 00:02:14]} 14. Rac1 {[%clk 01:09:33]} {[%emt
00:00:01]} a4 {[%clk 01:20:59]} {[%emt 00:02:35]} 15. Nd2 {[%clk 01:01:30]}
{[%emt 00:08:12]} Na5 {[%clk 01:15:22]} {[%emt 00:05:49]} 16. Bd5 {[%clk
01:01:24]} {[%emt 00:00:15]} Kf7 {[%clk 00:57:12]} {[%emt 00:18:20]} 17. Nc3
{[%clk 00:51:24]} {[%emt 00:10:11]} Bf8 {[%clk 00:42:17]} {[%emt 00:15:05]} 18.
Rfd1 {[%clk 00:44:50]} {[%emt 00:06:43]} f5 {[%clk 00:33:22]} {[%emt 00:09:06]}
19. Nf3 {[%clk 00:42:28]} {[%emt 00:02:32]} Bxd5 {[%clk 00:32:59]} {[%emt
00:00:34]} 20. Nxd5 {[%clk 00:27:39]} {[%emt 00:14:58]} Nb3 {[%clk 00:28:44]}
{[%emt 00:04:26]} 21. Rc2 {[%clk 00:24:02]} {[%emt 00:03:46]} c6 {[%clk
00:27:01]} {[%emt 00:01:54]} 22. Nc3 {[%clk 00:21:19]} {[%emt 00:02:53]} Rxd1+
{[%clk 00:27:01]} {[%emt 00:00:05]} 23. Nxd1 {[%clk 00:21:19]} {[%emt
00:00:01]} Bg7 {[%clk 00:25:03]} {[%emt 00:02:08]} 24. Ng5+ {[%clk 00:17:21]}
{[%emt 00:04:07]} Kg8 {[%clk 00:24:57]} {[%emt 00:00:16]} 25. Ne6 {[%clk
00:17:17]} {[%emt 00:00:14]} Bf6 {[%clk 00:23:41]} {[%emt 00:01:26]} 26. Nc5
{[%clk 00:17:02]} {[%emt 00:00:26]} f4 {[%clk 00:22:29]} {[%emt 00:01:22]} 27.
Nxb3 {[%clk 00:14:35]} {[%emt 00:02:37]} axb3 {[%clk 00:22:29]} {[%emt
00:00:04]} 28. Rc3 {[%clk 00:14:35]} {[%emt 00:00:03]} fxe3 {[%clk 00:22:29]}
{[%emt 00:00:04]} 29. Nxe3 {[%clk 00:14:35]} {[%emt 00:00:11]} Nd6 {[%clk
00:20:04]} {[%emt 00:02:36]} 30. Rxb3 {[%clk 00:14:26]} {[%emt 00:00:18]} Ra4
{[%clk 00:19:41]} {[%emt 00:00:33]} 31. Rc3 {[%clk 00:13:53]} {[%emt 00:00:44]}
e4 {[%clk 00:17:25]} {[%emt 00:02:25]} 32. Rc2 {[%clk 00:13:53]} {[%emt
00:00:05]} Nf5 {[%clk 00:17:17]} {[%emt 00:00:17]} 33. Ng4 {[%clk 00:09:59]}
{[%emt 00:04:05]} Bg7 {[%clk 00:16:25]} {[%emt 00:01:03]} 34. h3 {[%clk
00:09:31]} {[%emt 00:00:36]} h5 {[%clk 00:16:19]} {[%emt 00:00:17]} 35. Nh2
{[%clk 00:09:31]} {[%emt 00:00:05]} Nd4 {[%clk 00:16:05]} {[%emt 00:00:24]} 36.
Rd2 {[%clk 00:09:31]} {[%emt 00:00:06]} Rxc4 {[%clk 00:16:05]} {[%emt
00:00:06]} 37. Nf1 {[%clk 00:09:17]} {[%emt 00:00:24]} Rc2 {[%clk 00:15:39]}
{[%emt 00:00:36]} 38. Rxc2 {[%clk 00:09:09]} {[%emt 00:00:18]} Nxc2 {[%clk
00:15:39]} {[%emt 00:00:02]} 39. Nd2 {[%clk 00:09:02]} {[%emt 00:00:18]} Bxb2
{[%clk 00:15:26]} {[%emt 00:00:22]} 40. a4 {[%clk 00:09:02]} {[%emt 00:00:06]}
e3 {[%clk 00:15:05]} {[%emt 00:00:30]} 41. Nc4 {[%clk 00:09:02]} {[%emt
00:00:05]} Bd4 {[%clk 00:14:49]} {[%emt 00:00:25]} 42. f4 {[%clk 00:09:00]}
{[%emt 00:00:12]} b5 {[%clk 00:14:43]} {[%emt 00:00:17]} 43. axb5 {[%clk
00:09:00]} {[%emt 00:00:07]} cxb5 {[%clk 00:14:43]} {[%emt 00:00:03]} 44. Nd6
{[%clk 00:08:56]} {[%emt 00:00:14]} b4 {[%clk 00:14:43]} {[%emt 00:00:10]} 0-1

[Event "2025 National K-12 Grade Championship"]
[Site "Spokane, WI USA, United States"]
[Date "2025.12.14"]
[Round "7.8"]
[White "Liu, Austin"]
[Black "Yao, Jerry"]
[Result "1/2-1/2"]
[TimeControl "G/90; d10"]
[WhiteClock "00:00:16"]
[BlackClock "00:00:07"]
[WhiteFideId "30965136"]
[BlackFideId "30979714"]
[WhiteElo "2183"]
[BlackElo "2116"]

1. e4 {[%clk 01:30:00]} {[%emt 00:00:05]} c6 {[%clk 01:30:00]} {[%emt
00:00:05]} 2. Nc3 {[%clk 01:30:00]} {[%emt 00:00:07]} d5 {[%clk 01:30:00]}
{[%emt 00:00:06]} 3. Nf3 {[%clk 01:30:00]} {[%emt 00:00:03]} Bg4 {[%clk
01:30:00]} {[%emt 00:00:07]} 4. h3 {[%clk 01:30:00]} {[%emt 00:00:04]} Bxf3
{[%clk 01:30:00]} {[%emt 00:00:05]} 5. Qxf3 {[%clk 01:30:00]} {[%emt 00:00:04]}
Nf6 {[%clk 01:30:00]} {[%emt 00:00:05]} 6. Be2 {[%clk 01:30:00]} {[%emt
00:00:04]} e6 {[%clk 01:29:51]} {[%emt 00:00:20]} 7. O-O {[%clk 01:30:00]}
{[%emt 00:00:09]} Bc5 {[%clk 01:29:04]} {[%emt 00:00:58]} 8. Rd1 {[%clk
01:29:05]} {[%emt 00:01:05]} Bd4 {[%clk 01:29:04]} {[%emt 00:00:09]} 9. Qf4
{[%clk 01:28:20]} {[%emt 00:00:54]} Bxc3 {[%clk 01:28:09]} {[%emt 00:01:06]} 10.
bxc3 {[%clk 01:28:10]} {[%emt 00:00:19]} Nxe4 {[%clk 01:28:00]} {[%emt
00:00:20]} 11. Rb1 {[%clk 01:27:12]} {[%emt 00:01:07]} b5 {[%clk 01:08:05]}
{[%emt 00:20:05]} 12. Bf3 {[%clk 01:14:58]} {[%emt 00:12:25]} O-O {[%clk
00:54:07]} {[%emt 00:14:08]} 13. c4 {[%clk 00:57:30]} {[%emt 00:17:38]} a6
{[%clk 00:26:12]} {[%emt 00:28:05]} 14. Bxe4 {[%clk 00:53:05]} {[%emt
00:04:34]} dxe4 {[%clk 00:26:12]} {[%emt 00:00:06]} 15. d3 {[%clk 00:45:09]}
{[%emt 00:08:06]} e3 {[%clk 00:16:33]} {[%emt 00:09:49]} 16. Bxe3 {[%clk
00:43:33]} {[%emt 00:01:47]} Nd7 {[%clk 00:15:33]} {[%emt 00:01:10]} 17. Qd6
{[%clk 00:41:55]} {[%emt 00:01:48]} Rc8 {[%clk 00:15:12]} {[%emt 00:00:31]} 18.
cxb5 {[%clk 00:40:27]} {[%emt 00:01:38]} axb5 {[%clk 00:15:00]} {[%emt
00:00:23]} 19. c4 {[%clk 00:39:02]} {[%emt 00:01:34]} bxc4 {[%clk 00:13:49]}
{[%emt 00:01:22]} 20. dxc4 {[%clk 00:38:50]} {[%emt 00:00:22]} Nf6 {[%clk
00:13:43]} {[%emt 00:00:15]} 21. Qxd8 {[%clk 00:19:16]} {[%emt 00:19:45]} Rfxd8
{[%clk 00:13:43]} {[%emt 00:00:05]} 22. Rxd8+ {[%clk 00:19:16]} {[%emt
00:00:07]} Rxd8 {[%clk 00:13:43]} {[%emt 00:00:04]} 23. Rb6 {[%clk 00:18:47]}
{[%emt 00:00:39]} h6 {[%clk 00:12:15]} {[%emt 00:01:38]} 24. Ra6 {[%clk
00:15:45]} {[%emt 00:03:13]} Rd1+ {[%clk 00:05:55]} {[%emt 00:06:29]} 25. Kh2
{[%clk 00:15:45]} {[%emt 00:00:04]} Ra1 {[%clk 00:04:42]} {[%emt 00:01:24]} 26.
Ra8+ {[%clk 00:11:37]} {[%emt 00:04:18]} Kh7 {[%clk 00:04:42]} {[%emt
00:00:02]} 27. a4 {[%clk 00:11:37]} {[%emt 00:00:04]} Ne4 {[%clk 00:03:43]}
{[%emt 00:01:09]} 28. a5 {[%clk 00:09:38]} {[%emt 00:02:09]} Nd6 {[%clk
00:03:43]} {[%emt 00:00:09]} 29. a6 {[%clk 00:07:23]} {[%emt 00:02:25]} Nxc4
{[%clk 00:03:43]} {[%emt 00:00:07]} 30. Bd4 {[%clk 00:07:00]} {[%emt 00:00:32]}
Ra5 {[%clk 00:03:43]} {[%emt 00:00:04]} 31. a7 {[%clk 00:04:45]} {[%emt
00:02:24]} c5 {[%clk 00:03:41]} {[%emt 00:00:12]} 32. Bxc5 {[%clk 00:04:30]}
{[%emt 00:00:25]} Rxc5 {[%clk 00:03:41]} {[%emt 00:00:02]} 33. Rh8+ {[%clk
00:04:27]} {[%emt 00:00:13]} Kxh8 {[%clk 00:03:41]} {[%emt 00:00:02]} 34. a8=Q+
{[%clk 00:04:27]} {[%emt 00:00:02]} Kh7 {[%clk 00:03:41]} 35. Qe4+ {[%clk
00:03:54]} {[%emt 00:00:44]} Kg8 {[%clk 00:03:19]} {[%emt 00:00:32]} 36. Qd4
{[%clk 00:03:38]} {[%emt 00:00:26]} Rc8 {[%clk 00:02:55]} {[%emt 00:00:35]} 37.
Qd7 {[%clk 00:03:37]} {[%emt 00:00:09]} Rf8 {[%clk 00:02:44]} {[%emt 00:00:22]}
38. Qc7 {[%clk 00:03:37]} {[%emt 00:00:05]} Nd2 {[%clk 00:02:39]} {[%emt
00:00:16]} 39. Qc2 {[%clk 00:01:29]} {[%emt 00:02:16]} Rd8 {[%clk 00:02:36]}
{[%emt 00:00:13]} 40. Kg3 {[%clk 00:01:22]} {[%emt 00:00:17]} Rd5 {[%clk
00:02:36]} {[%emt 00:00:05]} 41. Qc8+ {[%clk 00:01:19]} {[%emt 00:00:13]} Kh7
{[%clk 00:02:36]} {[%emt 00:00:01]} 42. Qc2+ {[%clk 00:01:19]} {[%emt
00:00:02]} Kg8 {[%clk 00:02:36]} {[%emt 00:00:02]} 43. h4 {[%clk 00:01:12]}
{[%emt 00:00:15]} g6 {[%clk 00:02:11]} {[%emt 00:00:36]} 44. f3 {[%clk
00:01:12]} {[%emt 00:00:07]} Nf1+ {[%clk 00:01:43]} {[%emt 00:00:39]} 45. Kh3
{[%clk 00:01:12]} {[%emt 00:00:05]} Ne3 {[%clk 00:01:13]} {[%emt 00:00:40]} 46.
Qc8+ {[%clk 00:01:12]} {[%emt 00:00:08]} Kh7 {[%clk 00:01:13]} {[%emt
00:00:02]} 47. g4 {[%clk 00:00:47]} {[%emt 00:00:35]} h5 {[%clk 00:00:41]}
{[%emt 00:00:43]} 48. Qc7 {[%clk 00:00:44]} {[%emt 00:00:13]} Kg8 {[%clk
00:00:27]} {[%emt 00:00:23]} 49. Qc8+ {[%clk 00:00:43]} {[%emt 00:00:12]} Kh7
{[%clk 00:00:27]} {[%emt 00:00:03]} 50. Qf8 {[%clk 00:00:43]} {[%emt 00:00:08]}
Rd7 {[%clk 00:00:20]} {[%emt 00:00:19]} 51. Qe8 {[%clk 00:00:40]} {[%emt
00:00:12]} Rb7 {[%clk 00:00:19]} {[%emt 00:00:12]} 52. gxh5 {[%clk 00:00:39]}
{[%emt 00:00:10]} gxh5 {[%clk 00:00:19]} {[%emt 00:00:03]} 53. Qc6 {[%clk
00:00:36]} {[%emt 00:00:14]} Rb4 {[%clk 00:00:08]} {[%emt 00:00:21]} 54. Qc5
{[%clk 00:00:27]} {[%emt 00:00:18]} Nd5 {[%clk 00:00:08]} {[%emt 00:00:02]} 55.
Qc2+ {[%clk 00:00:27]} {[%emt 00:00:09]} Kh6 {[%clk 00:00:08]} {[%emt
00:00:10]} 56. Qd2+ {[%clk 00:00:27]} {[%emt 00:00:08]} Kh7 {[%clk 00:00:07]}
{[%emt 00:00:13]} 57. Qg5 {[%clk 00:00:27]} {[%emt 00:00:05]} Nf4+ {[%clk
00:00:07]} {[%emt 00:00:04]} 58. Kg3 {[%clk 00:00:27]} {[%emt 00:00:09]} Ng6
{[%clk 00:00:07]} {[%emt 00:00:06]} 59. Qxh5+ {[%clk 00:00:27]} {[%emt
00:00:03]} Kg8 {[%clk 00:00:07]} 60. Qg5 {[%clk 00:00:16]} {[%emt 00:00:21]}
Rxh4 {[%clk 00:00:07]} {[%emt 00:00:05]} 61. Qd8+ {[%clk 00:00:16]} {[%emt
00:00:04]} Kg7 {[%clk 00:00:07]} {[%emt 00:00:01]} 62. Qd2 {[%clk 00:00:16]}
{[%emt 00:00:04]} Rf4 {[%clk 00:00:07]} {[%emt 00:00:05]} 63. Qc3+ {[%clk
00:00:16]} {[%emt 00:00:02]} Kg8 {[%clk 00:00:07]} {[%emt 00:00:04]} 64. Qc8+
{[%clk 00:00:16]} {[%emt 00:00:01]} Kg7 {[%clk 00:00:07]} {[%emt 00:00:03]} 65.
Qc7 {[%clk 00:00:16]} {[%emt 00:00:02]} Kg8 {[%clk 00:00:07]} {[%emt 00:00:04]}
66. Qd8+ {[%clk 00:00:16]} {[%emt 00:00:04]} Kg7 {[%clk 00:00:07]} {[%emt
00:00:01]} 67. Qd2 {[%clk 00:00:16]} {[%emt 00:00:02]} Kg8 {[%clk 00:00:07]}
{[%emt 00:00:04]} 68. Qb2 {[%clk 00:00:16]} {[%emt 00:00:04]} Kf8 {[%clk
00:00:07]} {[%emt 00:00:05]} 69. Qc3 {[%clk 00:00:16]} {[%emt 00:00:04]} Kg8
{[%clk 00:00:07]} {[%emt 00:00:02]} 70. Qc8+ {[%clk 00:00:16]} {[%emt
00:00:03]} Kg7 {[%clk 00:00:07]} 71. Qc1 {[%clk 00:00:16]} {[%emt 00:00:06]}
Kg8 {[%clk 00:00:07]} {[%emt 00:00:28]} 72. Qb2 {[%clk 00:00:16]} {[%emt
00:00:01]} Kf8 {[%clk 00:00:07]} {[%emt 00:00:02]} 73. Qh2 {[%clk 00:00:16]}
{[%emt 00:00:05]} Kg7 {[%clk 00:00:07]} {[%emt 00:00:02]} 74. Qb2+ {[%clk
00:00:16]} {[%emt 00:00:03]} Kg8 {[%clk 00:00:07]} {[%emt 00:00:02]} 75. Qb8+
{[%clk 00:00:16]} {[%emt 00:00:03]} Kg7 {[%clk 00:00:07]} {[%emt 00:00:02]} 76.
Qb5 {[%clk 00:00:16]} {[%emt 00:00:08]} Kg8 {[%clk 00:00:07]} 1/2-1/2

[Event "2025 National K-12 Grade Championship"]
[Site "Spokane, WI USA, United States"]
[Date "2025.12.14"]
[Round "7.9"]
[White "Suarez, Sebastian"]
[Black "Moorhouse, Will"]
[Result "1-0"]
[TimeControl "G/90; d10"]
[WhiteFideId "30979080"]
[BlackFideId "30989531"]
[WhiteElo "2299"]
[BlackElo "2194"]

1. e4 {[%clk 01:21:17]} {[%emt 00:08:52]} c5 {[%clk 01:29:46]} {[%emt
00:00:24]} 2. Nf3 {[%clk 01:21:03]} {[%emt 00:00:24]} e6 {[%clk 01:29:26]}
{[%emt 00:00:31]} 3. d4 {[%clk 01:20:59]} {[%emt 00:00:14]} cxd4 {[%clk
01:29:26]} {[%emt 00:00:05]} 4. Nxd4 {[%clk 01:20:59]} {[%emt 00:00:04]} Nc6
{[%clk 01:29:26]} {[%emt 00:00:05]} 5. Nc3 {[%clk 01:20:56]} {[%emt 00:00:12]}
Qc7 {[%clk 01:29:19]} {[%emt 00:00:17]} 6. Be3 {[%clk 01:20:48]} {[%emt
00:00:18]} a6 {[%clk 01:29:17]} {[%emt 00:00:13]} 7. a3 {[%clk 01:20:40]}
{[%emt 00:00:17]} b5 {[%clk 01:24:40]} {[%emt 00:04:48]} 8. Nxc6 {[%clk
01:19:26]} {[%emt 00:01:23]} Qxc6 {[%clk 01:23:51]} {[%emt 00:00:59]} 9. Be2
{[%clk 01:19:25]} {[%emt 00:00:11]} Bb7 {[%clk 01:21:48]} {[%emt 00:02:14]} 10.
O-O {[%clk 01:19:06]} {[%emt 00:00:28]} d6 {[%clk 01:12:47]} {[%emt 00:09:12]}
11. Qd4 {[%clk 01:18:21]} {[%emt 00:00:55]} Nf6 {[%clk 01:07:18]} {[%emt
00:05:38]} 12. a4 {[%clk 01:18:21]} {[%emt 00:00:06]} bxa4 {[%clk 01:00:55]}
{[%emt 00:06:34]} 13. Qxa4 {[%clk 01:17:36]} {[%emt 00:00:54]} Be7 {[%clk
00:55:52]} {[%emt 00:05:13]} 14. f3 {[%clk 01:14:58]} {[%emt 00:02:47]} O-O
{[%clk 00:55:07]} {[%emt 00:00:55]} 15. Qxc6 {[%clk 01:14:38]} {[%emt
00:00:31]} Bxc6 {[%clk 00:55:07]} {[%emt 00:00:02]} 16. Rxa6 {[%clk 01:13:58]}
{[%emt 00:00:49]} Rac8 {[%clk 00:52:19]} {[%emt 00:02:58]} 17. Rd1 {[%clk
01:04:30]} {[%emt 00:09:38]} d5 {[%clk 00:47:45]} {[%emt 00:04:45]} 18. exd5
{[%clk 01:03:46]} {[%emt 00:00:54]} Nxd5 {[%clk 00:47:45]} {[%emt 00:00:07]} 19.
Nxd5 {[%clk 01:03:22]} {[%emt 00:00:33]} exd5 {[%clk 00:46:58]} {[%emt
00:00:57]} 20. Bd3 {[%clk 01:01:20]} {[%emt 00:02:11]} Bf6 {[%clk 00:43:09]}
{[%emt 00:03:59]} 21. b4 {[%clk 00:58:55]} {[%emt 00:02:35]} Be5 {[%clk
00:27:26]} {[%emt 00:15:54]} 22. Rb1 {[%clk 00:56:56]} {[%emt 00:02:09]} Bd7
{[%clk 00:24:42]} {[%emt 00:02:54]} 23. b5 {[%clk 00:55:04]} {[%emt 00:02:02]}
Rb8 {[%clk 00:24:17]} {[%emt 00:00:35]} 24. Ra4 {[%clk 00:51:09]} {[%emt
00:04:04]} Rfc8 {[%clk 00:19:52]} {[%emt 00:04:37]} 25. g3 {[%clk 00:48:06]}
{[%emt 00:03:12]} g6 {[%clk 00:17:08]} {[%emt 00:02:54]} 26. g4 {[%clk
00:45:03]} {[%emt 00:03:13]} Rb7 {[%clk 00:14:34]} {[%emt 00:02:46]} 27. Bd4
{[%clk 00:29:38]} {[%emt 00:15:33]} f6 {[%clk 00:08:40]} {[%emt 00:06:05]} 28.
Be3 {[%clk 00:28:36]} {[%emt 00:01:10]} Kf7 {[%clk 00:07:54]} {[%emt 00:00:57]}
29. h3 {[%clk 00:28:07]} {[%emt 00:00:39]} Bc3 {[%clk 00:06:48]} {[%emt
00:01:16]} 30. Kf2 {[%clk 00:25:49]} {[%emt 00:02:28]} Rcb8 {[%clk 00:05:57]}
{[%emt 00:01:01]} 31. Ra3 {[%clk 00:25:00]} {[%emt 00:00:59]} Be5 {[%clk
00:05:27]} {[%emt 00:00:40]} 32. Rab3 {[%clk 00:24:18]} {[%emt 00:00:52]} d4
{[%clk 00:05:24]} {[%emt 00:00:13]} 33. Bd2 {[%clk 00:23:44]} {[%emt 00:00:44]}
Bc7 {[%clk 00:05:12]} {[%emt 00:00:23]} 34. Ra3 {[%clk 00:21:54]} {[%emt
00:02:00]} Bb6 {[%clk 00:03:37]} {[%emt 00:01:45]} 35. h4 {[%clk 00:19:14]}
{[%emt 00:02:49]} Be6 {[%clk 00:03:37]} {[%emt 00:00:08]} 36. h5 {[%clk
00:18:20]} {[%emt 00:01:05]} Bd5 {[%clk 00:02:59]} {[%emt 00:00:48]} 37. Rh1
{[%clk 00:16:19]} {[%emt 00:02:10]} Kg7 {[%clk 00:02:58]} {[%emt 00:00:12]} 38.
hxg6 hxg6 {[%clk 00:02:58]} 39. Bh6+ {[%clk 00:15:04]} {[%emt 00:00:02]} Kf7
{[%clk 00:02:58]} {[%emt 00:00:09]} 40. Bf4 {[%clk 00:15:04]} Rg8 {[%clk
00:02:21]} {[%emt 00:00:48]} 41. Ra6 {[%clk 00:14:25]} {[%emt 00:00:49]} Rg7
{[%clk 00:01:26]} {[%emt 00:01:06]} 42. g5 {[%clk 00:13:31]} {[%emt 00:01:04]}
fxg5 {[%clk 00:01:13]} {[%emt 00:00:24]} 43. Be5 {[%clk 00:13:27]} {[%emt
00:00:13]} g4 {[%clk 00:01:07]} {[%emt 00:00:17]} 44. Rh6 {[%clk 00:12:40]}
{[%emt 00:00:56]} Bc7 {[%clk 00:00:16]} {[%emt 00:01:01]} 45. Bxg7 {[%clk
00:12:18]} {[%emt 00:00:32]} g3+ {[%clk 00:00:16]} {[%emt 00:00:07]} 46. Kg2
{[%clk 00:12:18]} 1-0

[Event "2025 National K-12 Grade Championship"]
[Site "Spokane, WI USA, United States"]
[Date "2025.12.14"]
[Round "7.10"]
[White "Vemparala, Nikash"]
[Black "Tang, Austin"]
[Result "1-0"]
[TimeControl "G/90; d10"]
[WhiteTitle "CM"]
[WhiteFideId "30960967"]
[BlackFideId "30964580"]
[WhiteElo "2247"]
[BlackElo "2172"]

1. c4 {[%clk 01:29:27]} {[%emt 00:00:42]} e5 {[%clk 01:29:57]} {[%emt
00:00:05]} 2. g3 {[%clk 01:29:27]} {[%emt 00:00:10]} c6 {[%clk 01:29:55]}
{[%emt 00:00:12]} 3. d4 {[%clk 01:29:27]} {[%emt 00:00:05]} e4 {[%clk
01:29:55]} {[%emt 00:00:04]} 4. d5 {[%clk 01:29:27]} {[%emt 00:00:03]} Bb4+
{[%clk 01:29:55]} {[%emt 00:00:07]} 5. Bd2 {[%clk 01:29:27]} {[%emt 00:00:01]}
Qe7 {[%clk 01:29:55]} {[%emt 00:00:09]} 6. Nc3 {[%clk 01:29:27]} {[%emt
00:00:11]} Nf6 {[%clk 01:29:17]} {[%emt 00:00:48]} 7. Bg2 {[%clk 01:29:27]}
{[%emt 00:00:07]} O-O {[%clk 01:23:20]} {[%emt 00:06:06]} 8. Nh3 {[%clk
01:29:01]} {[%emt 00:00:36]} cxd5 {[%clk 01:23:17]} {[%emt 00:00:13]} 9. Nxd5
{[%clk 01:29:01]} {[%emt 00:00:09]} Nxd5 {[%clk 01:22:27]} {[%emt 00:01:00]} 10.
cxd5 {[%clk 01:29:01]} {[%emt 00:00:06]} a5 {[%clk 01:21:27]} {[%emt 00:01:09]}
11. O-O {[%clk 01:25:43]} {[%emt 00:03:29]} Na6 {[%clk 01:14:46]} {[%emt
00:06:50]} 12. Bxb4 {[%clk 01:21:08]} {[%emt 00:04:45]} Nxb4 {[%clk 01:04:45]}
{[%emt 00:10:11]} 13. a3 {[%clk 01:18:16]} {[%emt 00:03:02]} Na6 {[%clk
01:04:16]} {[%emt 00:00:39]} 14. d6 {[%clk 01:16:42]} {[%emt 00:01:45]} Qe5
{[%clk 01:03:37]} {[%emt 00:00:48]} 15. Nf4 {[%clk 01:16:12]} {[%emt 00:00:40]}
b5 {[%emt 00:29:13]} 16. Qd5 {[%clk 01:08:28]} {[%emt 00:00:01]} Qxd5 {[%clk
00:42:22]} {[%emt 00:00:15]} 17. Nxd5 {[%clk 01:08:28]} {[%emt 00:00:03]} f5
{[%clk 00:42:22]} {[%emt 00:00:08]} 18. Ne7+ {[%clk 01:08:04]} {[%emt
00:00:34]} Kh8 {[%clk 00:37:39]} {[%emt 00:04:53]} 19. Nxf5 {[%clk 01:07:57]}
{[%emt 00:00:17]} Bb7 {[%clk 00:35:40]} {[%emt 00:02:09]} 20. Nd4 {[%clk
01:06:24]} {[%emt 00:01:43]} b4 {[%clk 00:34:50]} {[%emt 00:01:00]} 21. axb4
{[%clk 01:05:58]} {[%emt 00:00:36]} Nxb4 {[%clk 00:34:29]} {[%emt 00:00:31]} 22.
Nb3 {[%clk 01:04:48]} {[%emt 00:01:20]} Bd5 {[%clk 00:34:05]} {[%emt 00:00:34]}
23. Nc5 {[%clk 01:04:28]} {[%emt 00:00:29]} Rfe8 {[%clk 00:26:12]} {[%emt
00:08:05]} 24. Nxd7 {[%clk 01:03:38]} {[%emt 00:00:59]} Rad8 {[%clk 00:26:12]}
{[%emt 00:00:04]} 25. Nc5 {[%clk 01:02:52]} {[%emt 00:00:55]} Rxd6 {[%clk
00:26:06]} {[%emt 00:00:17]} 26. Rxa5 {[%clk 01:02:52]} {[%emt 00:00:07]} Nc6
{[%clk 00:26:06]} {[%emt 00:00:04]} 27. Ra6 {[%clk 01:01:58]} {[%emt 00:01:03]}
Bc4 {[%clk 00:25:03]} {[%emt 00:01:14]} 28. Rb6 {[%clk 01:01:57]} {[%emt
00:00:11]} Bxe2 {[%clk 00:24:31]} {[%emt 00:00:41]} 29. Nxe4 {[%clk 00:59:21]}
{[%emt 00:02:46]} Rg6 {[%clk 00:23:40]} {[%emt 00:01:02]} 30. Rc1 {[%clk
00:57:32]} {[%emt 00:01:59]} Nd4 {[%clk 00:23:22]} {[%emt 00:00:28]} 31. Rxg6
{[%clk 00:57:27]} {[%emt 00:00:15]} hxg6 {[%clk 00:23:22]} {[%emt 00:00:04]} 32.
Nc3 {[%clk 00:55:21]} {[%emt 00:02:15]} Rb8 {[%clk 00:23:06]} {[%emt 00:00:25]}
33. Rb1 {[%clk 00:54:17]} {[%emt 00:01:15]} Rb4 {[%clk 00:20:35]} {[%emt
00:02:41]} 34. Nxe2 {[%clk 00:51:52]} {[%emt 00:02:36]} Nxe2+ {[%clk 00:20:35]}
{[%emt 00:00:06]} 35. Kf1 {[%clk 00:51:52]} {[%emt 00:00:02]} Nd4 {[%clk
00:20:35]} {[%emt 00:00:09]} 36. Bd5 {[%clk 00:51:25]} {[%emt 00:00:36]} g5
{[%clk 00:20:18]} {[%emt 00:00:28]} 37. b3 {[%clk 00:51:03]} {[%emt 00:00:32]}
g6 {[%clk 00:19:56]} {[%emt 00:00:31]} 38. Kg2 {[%clk 00:50:53]} {[%emt
00:00:19]} Kg7 {[%clk 00:19:50]} {[%emt 00:00:16]} 39. Bc4 {[%clk 00:50:43]}
{[%emt 00:00:21]} Kf6 {[%clk 00:19:47]} {[%emt 00:00:13]} 40. h3 {[%clk
00:49:38]} {[%emt 00:01:14]} Kf5 {[%clk 00:18:51]} {[%emt 00:01:06]} 41. Rd1
{[%clk 00:49:02]} {[%emt 00:00:46]} Nxb3 {[%clk 00:14:00]} {[%emt 00:05:01]} 42.
Bxb3 {[%clk 00:49:02]} {[%emt 00:00:03]} Rxb3 {[%clk 00:14:00]} {[%emt
00:00:10]} 43. Rd6 {[%clk 00:49:02]} g4 {[%clk 00:12:06]} {[%emt 00:02:03]} 44.
hxg4+ {[%clk 00:49:02]} {[%emt 00:00:05]} Kg5 {[%clk 00:12:06]} {[%emt
00:00:05]} 45. f4+ {[%clk 00:48:40]} {[%emt 00:00:32]} Kxg4 {[%clk 00:12:06]}
{[%emt 00:00:08]} 46. Rxg6+ {[%clk 00:48:40]} {[%emt 00:00:04]} Kf5 {[%clk
00:12:06]} {[%emt 00:00:06]} 47. Rg5+ {[%clk 00:48:40]} {[%emt 00:00:03]} Kf6
{[%clk 00:12:06]} {[%emt 00:00:05]} 48. Kh3 {[%clk 00:48:40]} {[%emt 00:00:03]}
Rb4 {[%clk 00:11:58]} {[%emt 00:00:18]} 49. Ra5 {[%clk 00:48:40]} {[%emt
00:00:06]} Rb8 {[%clk 00:11:58]} {[%emt 00:00:08]} 50. g4 {[%clk 00:48:40]}
{[%emt 00:00:08]} 1-0